|
|
|
|
| LEADER |
00000cam a2200000 c 4500 |
| 001 |
195951980 |
| 003 |
DE-627 |
| 005 |
20260206195245.0 |
| 007 |
tu |
| 008 |
960416s1996 gw ||||| m 00| ||ger c |
| 015 |
|
|
|a 96,N16,0052
|2 dnb
|
| 015 |
|
|
|a 97,A06,0446
|2 dnb
|
| 016 |
7 |
|
|a 947096213
|2 DE-101
|
| 020 |
|
|
|a 382550056X
|c (brosch)
|9 3-8255-0056-X
|
| 035 |
|
|
|a (DE-627)195951980
|
| 035 |
|
|
|a (DE-603)050282069
|
| 035 |
|
|
|a (DE-576)052048411
|
| 035 |
|
|
|a (DE-599)GBV195951980
|
| 035 |
|
|
|a (OCoLC)611217492
|
| 035 |
|
|
|a (OCoLC)40287057
|
| 040 |
|
|
|a DE-627
|b ger
|c DE-627
|e rakwb
|
| 041 |
|
|
|a ger
|
| 044 |
|
|
|c XA-DE
|
| 060 |
|
0 |
|a W 740
|
| 084 |
|
|
|a 19
|a 11
|2 sdnb
|
| 084 |
|
|
|a PH 5310
|2 rvk
|0 (DE-625)rvk/136200:
|
| 084 |
|
|
|a CW 8000
|2 rvk
|0 (DE-625)rvk/19207:
|
| 084 |
|
|
|a PH 8090
|2 rvk
|0 (DE-625)rvk/136488:
|
| 100 |
1 |
|
|a Weber, Florian
|4 aut
|
| 245 |
1 |
0 |
|a Gefährlichkeitsprognose im Maßregelvollzug
|b Entwicklung sowie Reliabilitätsprüfung eines Prognosefragebogens als Grundlage für Hypothesenbildung und langfristige Validierung von Prognosefaktoren
|c Florian Weber
|
| 264 |
|
1 |
|a Pfaffenweiler
|b Centaurus-Verlagsgesellschaft
|c 1996
|
| 300 |
|
|
|a 140 S.
|c 21 cm
|
| 336 |
|
|
|a Text
|b txt
|2 rdacontent
|
| 337 |
|
|
|a ohne Hilfsmittel zu benutzen
|b n
|2 rdamedia
|
| 338 |
|
|
|a Band
|b nc
|2 rdacarrier
|
| 490 |
1 |
|
|a Studien und Materialien zum Straf- und Maßregelvollzug
|v 4
|
| 502 |
|
|
|a Zugl.: Freiburg (Breisgau), Univ., Diss., 1994
|
| 583 |
1 |
|
|a Archivierung/Langzeitarchivierung gewährleistet
|f PEBW
|x XA-DE-BW
|2 pdager
|5 DE-31
|
| 583 |
1 |
|
|a Archivierung/Langzeitarchivierung gewährleistet
|c 20211213
|f DISS
|x XA-DE-BW
|2 pdager
|5 DE-25
|
| 583 |
1 |
|
|a Archivierung prüfen
|c 20240324
|f DE-4165
|z 3
|2 pdager
|
| 650 |
|
0 |
|a Forensic Psychiatry
|
| 650 |
|
2 |
|a Criminal Law
|
| 650 |
|
2 |
|a Dangerous Behavior
|
| 650 |
|
2 |
|a Forensic Psychiatry
|
| 650 |
|
2 |
|a Prognosis
|
| 650 |
0 |
7 |
|0 (DE-588)4132077-3
|0 (DE-627)105690384
|0 (DE-576)209632550
|a Maßregelvollzug
|2 gnd
|
| 650 |
0 |
7 |
|0 (DE-588)4138163-4
|0 (DE-627)104483199
|0 (DE-576)209683740
|a Psychiatrische Klinik
|2 gnd
|
| 650 |
0 |
7 |
|0 (DE-588)4128163-9
|0 (DE-627)105719331
|0 (DE-576)209599758
|a Kriminalprognose
|2 gnd
|
| 650 |
0 |
7 |
|0 (DE-588)4128271-1
|0 (DE-627)105718556
|0 (DE-576)209600683
|a Fragebogen
|2 gnd
|
| 655 |
|
7 |
|a Hochschulschrift
|0 (DE-588)4113937-9
|0 (DE-627)105825778
|0 (DE-576)209480580
|2 gnd-content
|
| 689 |
0 |
0 |
|d s
|0 (DE-588)4132077-3
|0 (DE-627)105690384
|0 (DE-576)209632550
|a Maßregelvollzug
|2 gnd
|
| 689 |
0 |
1 |
|d s
|0 (DE-588)4138163-4
|0 (DE-627)104483199
|0 (DE-576)209683740
|a Psychiatrische Klinik
|2 gnd
|
| 689 |
0 |
2 |
|d s
|0 (DE-588)4128163-9
|0 (DE-627)105719331
|0 (DE-576)209599758
|a Kriminalprognose
|2 gnd
|
| 689 |
0 |
3 |
|d s
|0 (DE-588)4128271-1
|0 (DE-627)105718556
|0 (DE-576)209600683
|a Fragebogen
|2 gnd
|
| 689 |
0 |
|
|5 DE-101
|
| 751 |
|
|
|a Freiburg im Breisgau
|0 (DE-588)4018272-1
|0 (DE-627)106326686
|0 (DE-576)208923535
|4 uvp
|
| 830 |
|
0 |
|a Studien und Materialien zum Straf- und Maßregelvollzug
|v 4
|9 4
|w (DE-627)528248790
|w (DE-576)037201816
|w (DE-600)2290809-2
|x 0944-887X
|7 am
|
| 935 |
|
|
|a mkri
|
| 935 |
|
|
|i Blocktest
|
| 936 |
r |
v |
|a PH 5310
|b Massregelvollzug
|k Rechtswissenschaft
|k Strafrecht, Strafverfahrensrecht, Kriminologie
|k Strafvollzug
|k Massregelvollzug
|0 (DE-627)1271739798
|0 (DE-625)rvk/136200:
|0 (DE-576)201739798
|
| 936 |
r |
v |
|a CW 8000
|b Forensische Psychologie
|k Psychologie
|k Angewandte Psychologie
|k Andere Gebiete der angewandten Psychologie
|k Forensische Psychologie
|0 (DE-627)1271504383
|0 (DE-625)rvk/19207:
|0 (DE-576)201504383
|
| 936 |
r |
v |
|a PH 8090
|b Methodik und Forschung, Prognoseforschung
|k Rechtswissenschaft
|k Strafrecht, Strafverfahrensrecht, Kriminologie
|k Kriminologie
|k Allgemeines
|k Methodik und Forschung, Prognoseforschung
|0 (DE-627)1271739755
|0 (DE-625)rvk/136488:
|0 (DE-576)201739755
|
| 936 |
s |
n |
|a c200
|2 mzub
|
| 936 |
s |
n |
|a p100
|2 mzub
|
| 951 |
|
|
|a BO
|
| ELC |
|
|
|b 1
|
| LOK |
|
|
|0 000 xxxxxcx a22 zn 4500
|
| LOK |
|
|
|0 001 3120020400
|
| LOK |
|
|
|0 003 DE-627
|
| LOK |
|
|
|0 004 195951980
|
| LOK |
|
|
|0 005 19961211000000
|
| LOK |
|
|
|0 008 960517||||||||||||||||ger|||||||
|
| LOK |
|
|
|0 040
|a DE-Frei85
|c DE-627
|d DE-Frei85
|
| LOK |
|
|
|0 852
|a DE-Frei85
|
| LOK |
|
|
|0 852 1
|m p
|9 00
|
| LOK |
|
|
|0 938
|k p
|
| LOK |
|
|
|0 939
|a 17-05-96
|b l01
|
| ORI |
|
|
|a SA-MARC-krimdoka001.raw
|